Name Every Kanye West Song (UPDATED) - Statistics

General Stats
  • This quiz has been taken 17,443 times
    17,232 since last reset
  • The average score is 75 of 169
Answer Stats
Answer % Correct
Good Morning
85%
Heartless
82%
Runaway
82%
Bound 2
81%
Stronger
78%
Flashing Lights
77%
All Falls Down
76%
Dark Fantasy
76%
Ghost Town
76%
All of the Lights
75%
All of the Lights (Interlude)
75%
I Wonder
75%
Devil in a New Dress
74%
Power
74%
Father Stretch My Hands, Pt. 1
72%
Monster
72%
Drunk and Hot Girls
71%
Homecoming
71%
On Sight
71%
Gold Digger
70%
Through the Wire
70%
Violent Crimes
70%
Black Skinhead
69%
Champion
69%
Barry Bonds
68%
Gorgeous
68%
Saint Pablo
67%
Jesus Walks
66%
Pt. 2
66%
Touch the Sky
65%
Good Life
64%
We Don't Care
64%
Big Brother
63%
Can't Tell Me Nothing
63%
Spaceship
63%
Ultralight Beam
63%
Donda
62%
No More Parties in LA
62%
New Slaves
61%
Blood on the Leaves
60%
Famous
60%
I Thought About Killing You
60%
Last Call
60%
Blame Game
59%
Family Business
58%
Who Will Survive in America
58%
All Mine
57%
Hell of a Life
57%
Lost in the World
57%
So Appalled
57%
The New Workout Plan
57%
Welcome to Heartbreak
57%
Workout Plan (Skit)
57%
Roses
56%
Wolves
56%
Yikes
56%
Everything I Am
55%
Heard 'Em Say
55%
Paranoid
55%
Diamonds from Sierra Leone
54%
Diamonds from Sierra Leone (Remix)
54%
Hold My Liquor
54%
Late
54%
RoboCop
54%
I Am a God
53%
Slow Jamz
53%
Street Lights
53%
Hey Mama
52%
Jail
52%
Jail pt 2
52%
Waves
52%
We Major
51%
Off the Grid
50%
The Glory
50%
Donda Chant
49%
Hurricane
49%
Two Words
49%
Follow God
47%
No Mistakes
47%
Pinocchio Story
47%
Wake Up Mr. West
47%
Coldest Winter
46%
Drive Slow
46%
School Spirit
46%
School Spirit (Skit 1)
46%
School Spirit (Skit 2)
46%
God Is
45%
Guilt Trip
44%
Love Lockdown
44%
Never Let Me Down
43%
Say You Will
43%
30 Hours
42%
Amazing
42%
I'm In It
42%
Moon
42%
Addiction
41%
Highlights
41%
Fade
40%
Life of the Party
40%
Praise God
40%
Send It Up
40%
Breathe in Breathe Out
39%
FML
39%
Gone
39%
Graduation Day
39%
Closed on Sunday
38%
Get Em High
38%
Selah
38%
Wouldn't Leave
38%
Crack Music
37%
Junya
37%
Junya pt 2
37%
Low Lights
37%
On God
37%
Water
37%
Frank's Track
35%
I'll Fly Away
35%
I Love Kanye
35%
Real Friends
35%
Celebration
34%
Feedback
33%
Jesus Lord
33%
Jesus Lord pt 2
33%
See You in My Nightmares
32%
Facts (Charlie Heat Version)
31%
Freestyle 4
31%
Ok Ok
30%
Ok Ok pt 2
30%
Bad News
29%
24
28%
Jesus Is Lord
28%
Bring Me Down
27%
Come to Life
27%
My Way Home
27%
Use This Gospel
27%
Remote Control
26%
Remote Control pt 2
26%
Every Hour
24%
No Child Left Behind
24%
True Love
23%
True Love (Stadium Version)
23%
Believe What I Say
22%
Jonah
22%
Pablo
21%
Everything We Need
20%
Heaven and Hell
20%
God Breathed
19%
Pure Souls
19%
Hands On
17%
Keep My Spirit Alive
16%
Keep My Spirit Alive pt 2
16%
Tell the Vision
15%
New Again
14%
Lord I Need You
12%
Flowers
11%
Never Abandon Your Family
11%
Up from the Ashes
11%
Broken Road
10%
Happy
10%
Security
10%
We Did It Kid
9%
City of Gods
7%
Sci Fi
7%
Get Lost
6%
Louie Bags
6%
Too Easy
6%
First Time in a Long Time
5%
Selfish
5%
Lord Lift Me Up
4%
No matching quizzes found
Score Distribution
Percent of People with Each Score
Percentile by Number Answered
Your Score History
You have not taken this quiz since the last reset